Roedores enemigos del campo /
Guardado en:
| Autor Principal: | |
|---|---|
| Formato: | Libro |
| Publicado: |
Buenos Aires :
Sudamericana,
1941
|
| Materias: | |
| Etiquetas: |
Agregar Etiqueta
Sin Etiquetas, Sea el primero en etiquetar este registro!
|
| LEADER | 00479nam a22001695a 4500 | ||
|---|---|---|---|
| 001 | CEM.cems016246 | ||
| 005 | 20100805175233.0 | ||
| 008 | 130507s1941##################000#0#####d | ||
| 003 | CEMS | ||
| 082 | 0 | 4 | |a 632.6 |
| 100 | 1 | |a Yepes, José | |
| 245 | 1 | 0 | |a Roedores enemigos del campo / |c José Yepes, |
| 260 | |a Buenos Aires : |b Sudamericana, |c 1941 | ||
| 300 | |a 216 p. | ||
| 653 | |a Cultivos-roedores | ||
| 653 | |a Plagas agrícolas | ||
| 859 | |a CEMS |b BIB. CEMS - Agricultura |h 632.6 |i Y3 |p A7145.79 |t Ej.1 | ||
